Central Library OPAC University of Rajshahi
Normal view MARC view

Entry Personal Name

Number of records used in: 2

001 - CONTROL NUMBER

  • control field: 6656

003 - CONTROL NUMBER IDENTIFIER

  • control field: BD-RjUL

005 - DATE AND TIME OF LATEST TRANSACTION

  • control field: 20230121155217.0

008 - FIXED-LENGTH DATA ELEMENTS

  • fixed length control field: 230121|| aca||aabn | a|a d

040 ## - CATALOGING SOURCE

  • Original cataloging agency: BD-RjUL
  • Transcribing agency: BD-RjUL

100 ## - HEADING--PERSONAL NAME

  • Personal name: ابن رشد، محمد بن احمد،
  • Dates associated with a name: 1126-1198

670 ## - SOURCE DATA FOUND

  • Source citation: Work cat.: (BD-RjUL)81107: qamair, yuhanaa قمير، يوحنا 6609, Ibn Rushd :ابن رشد:, 1953.